Регионална библиотека "Любен Каравелов" - Русе

Пролет (Запис номер 423455)

MARC детайли
000 -Лидер
Контролно поле с фиксирана дължина nam a22 a 4500
003 - Код на организацията, давaща контролен номер
Контролно поле BLK
005 - Дата и час на последна редакция
Контролно поле 20210709154135.0
008 - Елементи от данни с фиксирана дължина
fixed length control field 210709b bul|||||r ||||||| ||bul||
010 ## - Наследен системен номер
LC control number KNG00163053RET
040 ## - Източник на каталожния запис
Идентификатор на билиотеката - собственик на записа BLK
041 ## - Код за език
Код за езика на текст/звукозапис или на отделно заглавие Български
Код за езика КДБФ Български
080 ## - УДК
Текстов определител УДК Българска литература
УДК код - определител по УДК 821.163.2
УДК определител -93-1
УДК - код + определител 821.163.2-93-1
100 1# - Редна дума - Автор
Автор Вапцаров, Никола Йонков
Авторска отговорност първи автор
R(LIN) 401919
139 ## - Редно поле
Редна дума Вапцаров, Никола Йонков
245 10 - Сведения за заглавието
Заглавие Пролет
Подзаглавни данни Стихове за юноши ; Подб. Васил Акьов
Редно поле (дума) Никола Вапцаров
257 ## - Страна на издаване
Страна на създаване/издаване България
260 ## - Област на издателските данни
Място на издаване, разпространение и проч. София
Име на издателя, разпространителя и проч. Детиздат
Година на издаване 1949
300 ## - Физическа характеристика
Страници 74 с.
Илюстрации и др. с ил.
Размери/Мащаб 18 см
380 ## - Жанр
Жанр Детска худож. лит.
500 ## - Общи забележки
Забележка 5 000 тир. 120 лв.
700 ## - Други автори (авторска отговорност)
Лично име Акьов, Васил
Автороска отговорност (Описва отношението между автора и произведението) подб.
9 (RLIN) 878
700 ## - Други автори (авторска отговорност)
Лично име Халачев, Симеон
Автороска отговорност (Описва отношението между автора и произведението) рис.
9 (RLIN) 379352
852 ## - Местоположение
Форматна сигнатура Цб 8.180.35594
Фондова буква Хранилище
856 4# - Електронен адрес и достъп
Електронен формат pdf - файл
Път до файла /url/
856 4# - Електронен адрес и достъп
Електронен формат pdf - файл
Път до файла /url/
999 ## - СИСТЕМНИ КОНТРОЛНИ НОМЕРА
Koha biblionumber 423455
Koha biblioitemnumber 423455
942 ## - АРТИКУЛИ
Вид на библиотечния материал Книги
Скрит в OPAC Не
Периодичен библиозапис Да
944 ## - СЪЗДАВАНЕ И РЕДАКЦИЯ на ЗАПИСА
Създаване/Редакция Създаване
Дата на регистрацията/редакция 2021-07-09
Служител, извършил регистрацията/редакцията А.М.
999 ## - СИСТЕМНИ КОНТРОЛНИ НОМЕРА
Koha biblioitemnumber 423455
999 ## - СИСТЕМНИ КОНТРОЛНИ НОМЕРА
Koha biblioitemnumber 497438
Наличности
Код за отписване Код за изгубен артикул Източник на класификационната схема Код за повреда Коз за рестрикции Код за отдаване Артикулен № Име на библиотеката - собственик Име на библиотеката, в която се намира в момента Статус (Текущо местоположение) Дата на вписване в системата Местоположение - отдел Цена в лева Инвентарен номер Систематично азбучна сигнатура Баркод Цена в евро Служебен тип на артикула
  Не е изгубен Universal Decimal Classification Не е повреден само за читалня ползва се в читалня 842249 Регионална библиотека "Любен Каравелов" Русе Регионална библиотека "Любен Каравелов" Русе Хранилище 2021-07-12 Основен фонд - ползва се само за читалня 0.19 35594-д Цб 8.180.35594 900000069229 0.10 Книги
Vip Innovations Ltd, Rousse, Bulgaria 2025